Analýza konkurencieschopnosti a kvality zapojenia sa vybraných krajín do medzinárodného obchodu (Slovenská republika, Česká republika a Maďarsko)
Analýza nedostatočnej konkurencieschopnosti a kvality zapojenia sa do medzinárodného obchodu a inovačná aktivita Slovenskej republiky v porovnaní s krajinami príbuznými geograficky aj historicky na základe hodnotenia dvoch výnimočných indexov - Indexu blahobytu a a inovačného indexu.
Salvato in:
| Autore principale: | |
|---|---|
| Altri autori: | |
| Natura: | Capitolo di libro |
| Lingua: | slovacco |
| Soggetti: | |
| Tags: |
Nessun Tag, puoi essere il primo ad aggiungerne!!
|
MARC
| LEADER | 00000naa a2200000 4500 | ||
|---|---|---|---|
| 001 | 0174530 | ||
| 005 | 20240502072957.0 | ||
| 041 | 0 | |a slo | |
| 044 | |a SK | ||
| 245 | 1 | 0 | |a Analýza konkurencieschopnosti a kvality zapojenia sa vybraných krajín do medzinárodného obchodu (Slovenská republika, Česká republika a Maďarsko) |c Monika Majerníková, Ľuboš Pavelka |
| 520 | |a Analýza nedostatočnej konkurencieschopnosti a kvality zapojenia sa do medzinárodného obchodu a inovačná aktivita Slovenskej republiky v porovnaní s krajinami príbuznými geograficky aj historicky na základe hodnotenia dvoch výnimočných indexov - Indexu blahobytu a a inovačného indexu. | ||
| 610 | 2 | 0 | |a konkurencieschopnosť |
| 610 | 2 | 0 | |a Slovensko |
| 610 | 2 | 0 | |a Česko |
| 610 | 2 | 0 | |a Maďarsko |
| 610 | 2 | 0 | |a stratégia inovačná |
| 610 | 2 | 0 | |a obchod medzinárodný |
| 610 | 2 | 0 | |a porovnanie medzinárodné |
| 100 | 1 | |a Majerníková, Monika | |
| 700 | 1 | |a Pavelka, Ľuboš, 1962- | |